| 000 | 00541nam a2200193Ia 4500 | ||
|---|---|---|---|
| 003 | OSt | ||
| 005 | 20260207092343.0 | ||
| 008 | 250729s2005 xx 000 0 und d | ||
| 040 | _cAL | ||
| 041 | _akan | ||
| 082 | _a372.25 LOKP | ||
| 100 |
_aಲೋಕಾಪೂರ ಐ ಎ _9228540 |
||
| 245 | _aಪ್ರೌಢಶಿಕ್ಷಣ ಹಾಗೂ ಶಿಕ್ಷಕನ ಕಾರ್ಯಗಳು | ||
| 260 |
_aಗದಗ _c2005 |
||
| 300 | _a315p | ||
| 650 |
_aEducation _9228541 |
||
| 700 |
_aಲೋo Digumurthi _9228542 |
||
| 942 |
_2ddc _cBED |
||
| 999 |
_c238031 _d238031 |
||